000 00878nam a22002777a 4500
001 7611
003 FISKH
005 20250728093632.0
008 250728b cb ||||| |||| 00| 0 eng d
020 _a9781568998565
040 _aFISKH
_beng
_cFISKH
_dFISKH599.756 LCC QL737.C23 G355
050 _aQL737.C23 G355
082 _a599.756
100 _aGalvin, Laura Gates
245 _aTiger cub see-and-do /
260 _aWashington :
_bSoundprints,
_c2000.
300 _a16 unnumbered pages :
_bcolor illustrations ;
_c18 cm
490 _aLet's go to the zoo!
505 _a40
520 _aPictures taken at the Smithsonian Institution's National Zoo in Washington, D.C. show tiger mommy teaching her cubs many things.
521 8 _a40
_bLexile estimate
521 8 _aC
_bRaz-Plus
650 _aTiger Cub
_vAnimals
942 _2ddc
_cBK
_n0
999 _c7611
_d7611